Sports Quiz

Random Sports Quiz

AFC East Teams' Best Player by Year Quiz Stats

 Plays Quiz not verified by Sporcle

Challenge
Share
Tweet
Embed
Score 0/172 Timer 10:00
0 Plays Today
Team Player % Correct
PatriotsTom Brady
97.7%
PatriotsTom Brady
97.7%
PatriotsTom Brady
97.7%
PatriotsTom Brady
97.7%
PatriotsTom Brady
97.7%
PatriotsTom Brady
97.7%
PatriotsTom Brady
97.7%
PatriotsTom Brady
97.7%
PatriotsDrew Bledsoe
95.3%
PatriotsDrew Bledsoe
95.3%
PatriotsDrew Bledsoe
95.3%
PatriotsDrew Bledsoe
95.3%
BillsDrew Bledsoe
95.3%
DolphinsDan Marino
93.5%
DolphinsDan Marino
93.5%
DolphinsDan Marino
93.5%
DolphinsDan Marino
93.5%
DolphinsDan Marino
93.5%
DolphinsDan Marino
93.5%
DolphinsDan Marino
93.5%
DolphinsDan Marino
93.5%
PatriotsMatt Cassel
93%
PatriotsCurtis Martin
89.7%
JetsCurtis Martin
89.7%
JetsCurtis Martin
89.7%
JetsCurtis Martin
89.7%
DolphinsZach Thomas
88.8%
DolphinsZach Thomas
88.8%
DolphinsZach Thomas
88.8%
BillsThurman Thomas
88.8%
BillsThurman Thomas
88.8%
BillsThurman Thomas
88.8%
BillsThurman Thomas
88.8%
JetsDarrelle Revis
88.3%
JetsDarrelle Revis
88.3%
JetsDarrelle Revis
88.3%
BillsBruce Smith
88.3%
BillsBruce Smith
88.3%
BillsBruce Smith
88.3%
BillsBruce Smith
88.3%
BillsBruce Smith
88.3%
BillsJim Kelly
87.9%
DolphinsDelvin Williams
84.1%
DolphinsRicky Williams
84.1%
BillsKyle Williams
84.1%
DolphinsJason Taylor
83.6%
DolphinsJason Taylor
83.6%
DolphinsJason Taylor
83.6%
DolphinsJason Taylor
83.6%
DolphinsJason Taylor
83.6%
BillsO.J. Simpson
83.2%
BillsO.J. Simpson
83.2%
BillsO.J. Simpson
83.2%
BillsO.J. Simpson
83.2%
BillsO.J. Simpson
83.2%
BillsO.J. Simpson
83.2%
BillsAndre Reed
80.8%
JetsJoe Namath
77.1%
Team Player % Correct
JetsChad Pennington
75.2%
JetsKen O'Brien
73.8%
JetsKen O'Brien
73.8%
JetsKen O'Brien
73.8%
JetsKen O'Brien
73.8%
PatriotsVincent Brown
73.4%
PatriotsTy Law
73.4%
PatriotsTroy Brown
73.4%
PatriotsTy Law
73.4%
JetsTy Law
73.4%
JetsThomas Jones
72.4%
BillsRyan Fitzpatrick
72%
BillsC.J. Spiller
69.2%
PatriotsSteve Grogan
67.8%
BillsLee Evans
63.6%
JetsMark Gastineau
63.1%
JetsMark Gastineau
63.1%
JetsMark Gastineau
63.1%
PatriotsJohn Hannah
62.1%
PatriotsJohn Hannah
62.1%
PatriotsJohn Hannah
62.1%
BillsEric Moulds
62.1%
PatriotsRichard Seymour
61.7%
JetsAntonio Cromartie
61.7%
BillsDoug Flutie
61.7%
PatriotsAndre Tippett
60.7%
PatriotsAndre Tippett
60.7%
PatriotsAndre Tippett
60.7%
DolphinsJake Long
60.3%
JetsAl Toon
57%
DolphinsCameron Wake
56.1%
DolphinsCameron Wake
56.1%
PatriotsJoe Morris
54.2%
DolphinsPaul Warfield
54.2%
JetsLaveranues Coles
53.3%
JetsJoe Klecko
51.4%
JetsJoe Klecko
51.4%
JetsRichard Todd
50.5%
PatriotsJim Plunkett
49.1%
PatriotsJim Plunkett
49.1%
PatriotsMike Haynes
46.7%
PatriotsMike Haynes
46.7%
PatriotsSam Cunningham
45.8%
PatriotsStanley Morgan
45.8%
BillsCornelius Bennett
45.8%
DolphinsDick Anderson
45.3%
JetsJohn Riggins
45.3%
JetsJohn Riggins
45.3%
PatriotsLawyer Milloy
44.4%
DolphinsJake Scott
43.5%
JetsWesley Walker
42.5%
DolphinsNat Moore
41.6%
JetsRob Moore
41.6%
DolphinsJim Kiick
41.1%
JetsBoomer Esiason
41.1%
BillsJoe Cribbs
38.8%
BillsJoe Cribbs
38.8%
DolphinsRichmond Webb
37.9%
Team Player % Correct
DolphinsRichmond Webb
37.9%
DolphinsRichmond Webb
37.9%
DolphinsRichmond Webb
37.9%
BillsPeerless Price
36.4%
DolphinsLarry Little
33.2%
JetsMo Lewis
33.2%
JetsMo Lewis
33.2%
JetsMo Lewis
33.2%
PatriotsBruce Armstrong
32.2%
BillsJoe DeLamielleure
30.8%
BillsJoe DeLamielleure
30.8%
JetsJerricho Cotchery
28.5%
DolphinsJim Langer
27.6%
DolphinsJoey Porter
27.6%
JetsJohn Abraham
26.2%
BillsTakeo Spikes
25.7%
BillsTakeo Spikes
25.7%
DolphinsSam Madison
25.2%
BillsFred Smerlas
25.2%
BillsFred Smerlas
25.2%
DolphinsBryan Cox
24.8%
JetsAdrian Murrell
24.8%
JetsAaron Glenn
24.3%
DolphinsJohn Offerdahl
22.9%
BillsAaron Schobel
22.9%
BillsAaron Schobel
22.9%
BillsAaron Schobel
22.9%
DolphinsDoug Betters
21%
DolphinsBob Baumhower
18.7%
DolphinsBob Baumhower
18.7%
DolphinsBob Baumhower
18.7%
BillsGreg Bell
17.8%
JetsRich Caster
13.1%
JetsMarvin Powell
12.6%
BillsTerrence McGee
11.2%
BillsSam Cowart
9.8%
JetsErik McMillan
9.3%
DolphinsBill Stanfill
8.4%
PatriotsLeon Gray
7.9%
BillsIsiah Robertson
7%
BillsPete Richardson
6.1%
PatriotsTim Goad
5.6%
JetsJerome Barkum
5.6%
PatriotsJohnny Rembert
5.1%
PatriotsJohnny Rembert
5.1%
DolphinsGerald Small
5.1%
PatriotsMack Herron
4.2%
PatriotsBrian Holloway
4.2%
JetsKyle Clifton
4.2%
PatriotsRay Hamilton
3.7%
JetsLarry Grantham
2.8%
PatriotsCarl Garrett
1.4%
DolphinsKevin Burnett
1.4%
JetsClark Gaines
1.4%
JetsClark Gaines
1.4%
BillsGuy Frazier
1.4%

You're not logged in!

Compare scores with friends on all Sporcle quizzes.
OR
Log In

You Might Also Like...

Show Comments

Extras

Top Quizzes Today


Score Distribution

Your Account Isn't Verified!

In order to create a playlist on Sporcle, you need to verify the email address you used during registration. Go to your Sporcle Settings to finish the process.

Report this User

Report this user for behavior that violates our Community Guidelines.

Details: